Una primera aproximación a la dinámica y los dilemas de la gobernabilidad democrática subnacional en América Latina /

Salvato in:
Dettagli Bibliografici
Autore principale: Berthin, Gerardo
Natura: testo
Tags: Aggiungi Tag
Nessun Tag, puoi essere il primo ad aggiungerne!!

MARC

LEADER 00000 a a2200000 04500
001 46830
003
040
100 |a Berthin, Gerardo  
245 |a Una primera aproximación a la dinámica y los dilemas de la gobernabilidad democrática subnacional en América Latina /  |c Gerardo Berthin  
773 |a volumen1, páginas 35-69  
999 |c 31793  |d 31793